[Event "Memorial Pedro Lezcano Montalvo 2013"]
[Site "Gran Canaria ESP"]
[Date "2013.03.31"]
[Round "9.15"]
[White "Uta, Adeline-Ramona"]
[Black "Ramirez Medina, Victor"]
[Result "0-1"]
[WhiteElo "2053"]
[BlackElo "1930"]
[PlyCount "96"]
[EventDate "2013.03.25"]
[EventType "swiss"]
[EventRounds "9"]
[EventCountry "ESP"]
[Source "lmi"]
[SourceDate "2013.03.25"]

1. d3 d5 2. Nf3 Nf6 3. g3 g6 4. Bg2 Bg7 5. O-O O-O 6. c3 c5 7. Nbd2 Nc6 8. Qa4
e5 9. e4 h6 10. exd5 Nxd5 11. Ne4 Qe7 12. Qc4 Rd8 13. Qxc5 f5 14. Qxe7 Ndxe7
15. Nc5 b6 16. Nb3 Rxd3 17. Be3 Be6 18. Rfe1 Rad8 19. Nfd2 g5 20. f4 gxf4 21.
gxf4 e4 22. Bf1 R3d7 23. a4 Nd5 24. Bc4 Kf7 25. Bxd5 Rxd5 26. Kf2 Rd3 27. Ke2
Kf8 28. a5 Bf7 29. axb6 Bh5+ 30. Kf1 axb6 31. Bxb6 Rxd2 32. Bxd8 Rxd8 33. Ra6
Ne7 34. Nc5 Bf7 35. Ne6+ Bxe6 36. Rxe6 Nd5 37. Rc6 Nxf4 38. Rc4 Rd5 39. Rc8+
Kf7 40. b4 Rd3 41. b5 Rf3+ 42. Kg1 Bxc3 43. Rb1 Bd4+ 44. Kh1 e3 45. Rc7+ Ke6
46. Rbc1 e2 47. R1c6+ Kd5 48. Rd7+ Ke4 0-1

[Event "Memorial Pedro Lezcano Montalvo 2013"]
[Site "Gran Canaria ESP"]
[Date "2013.03.31"]
[Round "9.16"]
[White "Lorenzo Perez, Raul"]
[Black "Strebkovs, Andrejs"]
[Result "0-1"]
[WhiteElo "1745"]
[BlackElo "2331"]
[PlyCount "86"]
[EventDate "2013.03.25"]
[EventType "swiss"]
[EventRounds "9"]
[EventCountry "ESP"]
[Source "lmi"]
[SourceDate "2013.03.25"]

1. d4 g6 2. Nf3 c6 3. c4 Bg7 4. e4 d5 5. Nc3 Nf6 6. e5 Ne4 7. cxd5 Nxc3 8. bxc3
cxd5 9. Ng5 O-O 10. Bd3 h6 11. Nxf7 Kxf7 12. Qf3+ Kg8 13. Qg3 g5 14. Rb1 Qc7
15. O-O Bf5 16. Bxf5 Rxf5 17. h4 Nc6 18. hxg5 hxg5 19. Bxg5 b6 20. Qg4 e6 21.
Rbe1 Qf7 22. Re3 Qg6 23. Rg3 Kf7 24. Re1 Rh8 25. f4 Bh6 26. Bf6 Qxg4 27. Rxg4
Rg8 28. Rxg8 Kxg8 29. g3 Bf8 30. Kg2 Rh5 31. g4 Rh7 32. Kg3 Ba3 33. f5 Kf7 34.
fxe6+ Kxe6 35. g5 Ne7 36. Kg4 Bb2 37. Re3 Nf5 38. Rd3 Rh4+ 39. Kf3 Bxc3 40. g6
Rh6 41. Ke2 Nxd4+ 42. Rxd4 Bxd4 43. g7 Rg6 0-1

[Event "Memorial Pedro Lezcano Montalvo 2013"]
[Site "Gran Canaria ESP"]
[Date "2013.03.31"]
[Round "9.17"]
[White "Herrera Reyes, Jose Antonio"]
[Black "Rodriguez Mellado, Antonio"]
[Result "1-0"]
[WhiteElo "2252"]
[BlackElo "1797"]
[PlyCount "67"]
[EventDate "2013.03.25"]
[EventType "swiss"]
[EventRounds "9"]
[EventCountry "ESP"]
[Source "lmi"]
[SourceDate "2013.03.25"]

1. e4 c5 2. Nf3 Nc6 3. c3 d5 4. exd5 Qxd5 5. d4 Nf6 6. Be3 cxd4 7. cxd4 Bg4 8.
Be2 e6 9. h3 Bf5 10. Nc3 Qd8 11. O-O Bd6 12. Bg5 h6 13. Bh4 g5 14. Bg3 Bxg3 15.
fxg3 g4 16. hxg4 Nxg4 17. Bb5 Qb6 18. Qe2 O-O-O 19. Na4 Qc7 20. Rac1 Rd6 21.
Ne5 Rg8 22. Nxc6 bxc6 23. d5 Kd8 24. Bxc6 Rxc6 25. dxc6 Qxg3 26. Qd2+ Ke8 27.
Qf4 Qh4 28. c7 Ke7 29. c8=Q Rxc8 30. Rxc8 e5 31. Qb4+ Kf6 32. Qd6+ Kg7 33. Qf8+
Kg6 34. Qg8+ 1-0

[Event "Memorial Pedro Lezcano Montalvo 2013"]
[Site "Gran Canaria ESP"]
[Date "2013.03.31"]
[Round "9.18"]
[White "Cruz Ramirez, Nauzet"]
[Black "Bismuth, Lea"]
[Result "1/2-1/2"]
[WhiteElo "1778"]
[BlackElo "1948"]
[PlyCount "95"]
[EventDate "2013.03.25"]
[EventType "swiss"]
[EventRounds "9"]
[EventCountry "ESP"]
[Source "lmi"]
[SourceDate "2013.03.25"]

1. Nf3 Nf6 2. b3 g6 3. Bb2 Bg7 4. g3 d5 5. Bg2 O-O 6. O-O c5 7. d4 cxd4 8. Bxd4
Nc6 9. Bb2 Bf5 10. Nh4 Be6 11. Nd2 Qd7 12. e3 Bg4 13. Bf3 Bh3 14. Bg2 e5 15.
Nhf3 Bg4 16. h3 Bxh3 17. Nxe5 Nxe5 18. Bxe5 Rfe8 19. Bd4 b6 20. c4 Bxg2 21.
Kxg2 dxc4 22. Nxc4 Qc6+ 23. Qf3 Qxf3+ 24. Kxf3 Ne4 25. Bxg7 Kxg7 26. Rfd1 Ng5+
27. Kg2 Red8 28. Rac1 Rac8 29. Rxd8 Rxd8 30. Rc2 Ne4 31. Ne5 Rd2 32. Rxd2 Nxd2
33. Nc6 a5 34. Nd4 Ne4 35. f3 Nc5 36. Kf2 Nd3+ 37. Kg2 a4 38. bxa4 Nb2 39. a5
bxa5 40. a4 f5 41. f4 Kf6 42. Kf3 h6 43. e4 Nxa4 44. e5+ Ke7 45. Nc6+ Ke6 46.
Nxa5 g5 47. Nc6 Kd5 48. Ne7+ 1/2-1/2

[Event "Memorial Pedro Lezcano Montalvo 2013"]
[Site "Gran Canaria ESP"]
[Date "2013.03.31"]
[Round "9.20"]
[White "Ruiz Delgado, Basilio"]
[Black "Cruz Pino, Adrian"]
[Result "1/2-1/2"]
[WhiteElo "1715"]
[BlackElo "1986"]
[PlyCount "43"]
[EventDate "2013.03.25"]
[EventType "swiss"]
[EventRounds "9"]
[EventCountry "ESP"]
[Source "lmi"]
[SourceDate "2013.03.25"]

1. e4 a6 2. d4 e6 3. Nc3 b5 4. Bd3 Bb7 5. Nf3 c5 6. a3 c4 7. Be2 Nf6 8. e5 Nd5
9. Bg5 Nxc3 10. bxc3 Qa5 11. O-O h6 12. Be3 d6 13. a4 bxa4 14. Bxc4 a3 15. Qb1
Bc6 16. Qb3 d5 17. Bd3 Be7 18. Bc1 O-O 19. Bxa3 Bxa3 20. Rxa3 Qc7 21. Rfa1 Bb7
22. Rb1 1/2-1/2

[Event "Memorial Pedro Lezcano Montalvo 2013"]
[Site "Gran Canaria ESP"]
[Date "2013.03.31"]
[Round "9.21"]
[White "Galvan Sarmiento, Jose Luis"]
[Black "Guerrero Orihuela, Jose Luis"]
[Result "1/2-1/2"]
[WhiteElo "1928"]
[BlackElo "1555"]
[PlyCount "95"]
[EventDate "2013.03.25"]
[EventType "swiss"]
[EventRounds "9"]
[EventCountry "ESP"]
[Source "lmi"]
[SourceDate "2013.03.25"]

1. d4 Nf6 2. Nf3 c5 3. c3 e6 4. Bf4 cxd4 5. cxd4 Nc6 6. e3 Be7 7. h3 O-O 8. Bd3
d5 9. O-O Bd7 10. Nc3 Nh5 11. Bh2 f5 12. Rc1 Nf6 13. a3 Be8 14. Qb3 Qd7 15. Bb5
a6 16. Ne5 Qd8 17. Nxc6 Bxc6 18. Bd3 Ne4 19. Rc2 Qd7 20. Rfc1 Rac8 21. f3 Nxc3
22. Rxc3 Bg5 23. Kf2 Qe7 24. Be5 Rf7 25. f4 Bh4+ 26. Kf1 Qd7 27. Qc2 Bf6 28.
Bxa6 Bb5+ 29. Bxb5 Qxb5+ 30. Kg1 Rxc3 31. Qxc3 Rf8 32. Bxf6 gxf6 33. b4 Qe2 34.
Kh2 Kg7 35. Rc2 Qf1 36. a4 Qa6 37. Qb3 Kg8 38. Rc7 Kh8 39. b5 Qa5 40. Qa3 Rg8
41. Qe7 Rxg2+ 42. Kxg2 Qd2+ 43. Kf1 Qd1+ 44. Kf2 Qd2+ 45. Kf3 Qd1+ 46. Kf2 Qd2+
47. Kf3 Qd1+ 48. Kf2 1/2-1/2

[Event "Memorial Pedro Lezcano Montalvo 2013"]
[Site "Gran Canaria ESP"]
[Date "2013.03.31"]
[Round "9.24"]
[White "Saad Addin Quintana, Samir N"]
[Black "Baez Ruiz, Victor"]
[Result "1/2-1/2"]
[WhiteElo "1858"]
[BlackElo "1552"]
[PlyCount "58"]
[EventDate "2013.03.25"]
[EventType "swiss"]
[EventRounds "9"]
[EventCountry "ESP"]
[Source "lmi"]
[SourceDate "2013.03.25"]

1. e4 c5 2. Nf3 Nc6 3. d4 cxd4 4. Nxd4 g6 5. Be3 Bg7 6. Be2 Nf6 7. Nc3 d5 8.
exd5 Nxd5 9. Nxd5 Qxd5 10. Bf3 Qa5+ 11. c3 Nxd4 12. Bxd4 O-O 13. Bxg7 Kxg7 14.
O-O Qb6 15. Qe2 Be6 16. Rfe1 Rad8 17. h4 h5 18. Qe5+ Kh7 19. Bxh5 Rd5 20. Bxg6+
Kxg6 21. Qe4+ Kg7 22. Re3 Rh8 23. Rae1 Kf8 24. Qf4 Ke8 25. Qb8+ Qd8 26. Qxb7
Rxh4 27. Qxa7 Rdh5 28. f3 Rh1+ 29. Kf2 Rxe1 1/2-1/2

[Event "Memorial Pedro Lezcano Montalvo 2013"]
[Site "Gran Canaria ESP"]
[Date "2013.03.31"]
[Round "9.25"]
[White "Suarez Buceta, Melquiades"]
[Black "Diaz Suarez, Cayetano"]
[Result "0-1"]
[WhiteElo "1450"]
[BlackElo "1848"]
[PlyCount "76"]
[EventDate "2013.03.25"]
[EventType "swiss"]
[EventRounds "9"]
[EventCountry "ESP"]
[Source "lmi"]
[SourceDate "2013.03.25"]

1. c4 e5 2. Nc3 Nf6 3. g3 Bc5 4. Bg2 c6 5. Nf3 e4 6. Ng1 d5 7. cxd5 cxd5 8. d4
Bb4 9. a3 Bxc3+ 10. bxc3 Nc6 11. Bg5 O-O 12. Nh3 b6 13. Nf4 Ba6 14. Bxf6 gxf6
15. Qd2 f5 16. h4 Kh8 17. h5 Ne7 18. Nh3 Qd6 19. Ng5 h6 20. Nh3 Kh7 21. Qf4
Rfd8 22. f3 Rac8 23. fxe4 Qxf4 24. Nxf4 fxe4 25. Kd2 Bc4 26. Rhf1 Kg7 27. Bh3
Rc7 28. Ng2 Ba6 29. Ne3 Bc8 30. Nf5+ Bxf5 31. Bxf5 Rd6 32. Rac1 Rdc6 33. Bh3
Rc4 34. Rg1 Nc6 35. g4 Na5 36. Rc2 Nb3+ 37. Ke3 Rxc3+ 38. Rxc3 Rxc3+ 0-1

[Event "Memorial Pedro Lezcano Montalvo 2013"]
[Site "Gran Canaria ESP"]
[Date "2013.03.31"]
[Round "9.27"]
[White "Hernandez Diaz, Heriberto"]
[Black "Quevedo Sarmiento, Jacinto"]
[Result "0-1"]
[WhiteElo "1740"]
[BlackElo "1532"]
[PlyCount "134"]
[EventDate "2013.03.25"]
[EventType "swiss"]
[EventRounds "9"]
[EventCountry "ESP"]
[Source "lmi"]
[SourceDate "2013.03.25"]

1. e4 c5 2. Nc3 Nc6 3. f4 g6 4. Nf3 Bg7 5. Bc4 e6 6. O-O d6 7. d3 Nge7 8. a3
O-O 9. Qe1 a6 10. Rb1 Re8 11. f5 d5 12. Ba2 exf5 13. Qh4 Be6 14. Ng5 h5 15.
Nxe6 fxe6 16. Bg5 Qd7 17. Rf3 fxe4 18. dxe4 Rf8 19. exd5 exd5 20. Rbf1 Rxf3 21.
Rxf3 Rf8 22. Rxf8+ Kxf8 23. Qf2+ Qf5 24. Qxf5+ Nxf5 25. Bxd5 Nfd4 26. Be4 Kf7
27. Na4 Bf8 28. Bd5+ Kg7 29. c3 Nf5 30. Kf2 Bd6 31. g3 Nfe7 32. Be4 b5 33. Nb6
c4 34. Nd5 Nxd5 35. Bxd5 Ne5 36. Be4 Ng4+ 37. Kg2 Ne5 38. h3 Nd7 39. Kf3 Nc5
40. Bc2 Kf7 41. Be3 Na4 42. Bxa4 bxa4 43. Bf4 Bc5 44. Ke4 Ke6 45. Be5 Bb6 46.
Kf4 Bd8 47. Ke4 Bb6 48. Bd4 Bc7 49. g4 hxg4 50. hxg4 Bd6 51. Bb6 Be5 52. Bc5
Bc7 53. Kd4 Bf4 54. Kxc4 Bc1 55. b3 axb3 56. Kxb3 Kf6 57. Kc2 Bf4 58. Kd3 Kg5
59. Be3 Kxg4 60. c4 Bxe3 61. Kxe3 Kf5 62. Kd4 Ke6 63. Ke4 Kd6 64. Kd4 g5 65.
Ke4 Kc5 66. Kf5 Kxc4 67. Kxg5 Kb3 0-1

[Event "Memorial Pedro Lezcano Montalvo 2013"]
[Site "Gran Canaria ESP"]
[Date "2013.03.31"]
[Round "9.28"]
[White "Julien Casteleiro, Ariel"]
[Black "Rodriguez Manzaneda, Irene"]
[Result "1-0"]
[WhiteElo "1586"]
[BlackElo "1720"]
[PlyCount "135"]
[EventDate "2013.03.25"]
[EventType "swiss"]
[EventRounds "9"]
[EventCountry "ESP"]
[Source "lmi"]
[SourceDate "2013.03.25"]

1. d4 d5 2. Nc3 Nf6 3. Bg5 e6 4. Qd2 Be7 5. Nf3 O-O 6. e3 b6 7. Bd3 Bb7 8. O-O
c5 9. dxc5 bxc5 10. Rad1 Nc6 11. a3 Rb8 12. h4 Ba8 13. Na4 Nd7 14. Bxe7 Qxe7
15. e4 d4 16. Qg5 f6 17. Qd2 Nce5 18. Nxe5 Nxe5 19. f4 Ng4 20. Rf3 f5 21. Re1
Ne3 22. Rfxe3 dxe3 23. Qxe3 Qd6 24. exf5 exf5 25. g3 Qc6 26. Qe6+ Qxe6 27. Rxe6
g6 28. Bc4 Kh8 29. b3 Rbd8 30. Nxc5 Rd1+ 31. Kf2 Rfd8 32. Nd3 Be4 33. Ke3 Rg1
34. Re7 Rxg3+ 35. Kd2 a5 36. Kc3 Rf3 37. Ra7 Bxd3 38. cxd3 Rxf4 39. Rxa5 Rxh4
40. Re5 f4 41. a4 f3 42. Re1 f2 43. Rf1 Rf4 44. a5 g5 45. a6 Rd7 46. b4 g4 47.
Be6 Ra7 48. b5 g3 49. Bh3 Rf6 50. Bg2 Kg8 51. Kb4 Kf8 52. Ka5 Rf5 53. d4 Rd7
54. Kb6 Rff7 55. d5 Rf6+ 56. Kc5 Ke7 57. b6 Rdd6 58. a7 Rd8 59. b7 Rff8 60. d6+
Rxd6 61. a8=Q Rf5+ 62. Kb4 Rb6+ 63. Kc4 Rf4+ 64. Kc5 Rfb4 65. b8=Q R4b5+ 66.
Kd4 Rb4+ 67. Ke5 Re6+ 68. Kd5 1-0

[Event "Memorial Pedro Lezcano Montalvo 2013"]
[Site "Gran Canaria ESP"]
[Date "2013.03.31"]
[Round "9.30"]
[White "Sanchez Ramirez, Gustavo"]
[Black "Amador Garcia, Ismael"]
[Result "0-1"]
[WhiteElo "1607"]
[BlackElo "1418"]
[PlyCount "102"]
[EventDate "2013.03.25"]
[EventType "swiss"]
[EventRounds "9"]
[EventCountry "ESP"]
[Source "lmi"]
[SourceDate "2013.03.25"]

1. Nc3 Nf6 2. e4 c5 3. d4 cxd4 4. Qxd4 Nc6 5. Qd1 g6 6. f4 Bg7 7. Nf3 O-O 8.
Bc4 e6 9. O-O b6 10. e5 Ne8 11. Ne4 Na5 12. Be2 Nb7 13. Ba6 d5 14. Bxb7 Bxb7
15. Neg5 Qe7 16. Nd4 h6 17. Ngf3 Nc7 18. Be3 Na6 19. h4 h5 20. Ng5 Nc5 21. g4
hxg4 22. Qxg4 f5 23. Qg3 Qe8 24. Rf2 Bh6 25. Rh2 Bg7 26. Rf1 Bc8 27. b4 Ne4 28.
Nxe4 dxe4 29. Rff2 Kh7 30. Rfg2 Bh6 31. Qe1 Bd7 32. Rh3 Qe7 33. h5 gxh5 34.
Rxh5 Rg8 35. Rgg5 Rg6 36. Bf2 Rag8 37. Bh4 Qf7 38. Qe2 Be8 39. Rxg6 Qxg6+ 40.
Rg5 Bxg5 41. Bxg5 Qh5 42. Qxh5+ Bxh5 43. Nxe6 e3 44. Nd4 Rc8 45. Nxf5 e2 46.
Kf2 Rxc2 47. e6 Rc1 48. e7 e1=Q+ 49. Kg2 Qg1+ 50. Kh3 Qh1+ 51. Kg3 Qf3+ 0-1

[Event "Memorial Pedro Lezcano Montalvo 2013"]
[Site "Gran Canaria ESP"]
[Date "2013.03.31"]
[Round "9.34"]
[White "Haarkotter Martin, Michael"]
[Black "Monteiro Rodrigues, Carlos"]
[Result "0-1"]
[WhiteElo "1396"]
[BlackElo "1570"]
[PlyCount "52"]
[EventDate "2013.03.25"]
[EventType "swiss"]
[EventRounds "9"]
[EventCountry "ESP"]
[Source "lmi"]
[SourceDate "2013.03.25"]

1. e4 e5 2. Nf3 Nc6 3. Bb5 a6 4. Bxc6 dxc6 5. d3 Bg4 6. Be3 Bd6 7. Nbd2 h5 8.
h3 Be6 9. Ng5 Qd7 10. Nxe6 fxe6 11. d4 O-O-O 12. c3 Nf6 13. f3 exd4 14. Bxd4
Bg3+ 15. Ke2 e5 16. Bf2 Bxf2 17. Kxf2 Qf7 18. Qe2 g5 19. Ke1 b5 20. Rf1 Rd6 21.
c4 Rhd8 22. Rd1 Rd3 23. b3 Qe7 24. cxb5 Qc5 25. Rf2 Re3 26. Nc4 Rxe2+ 0-1

[Event "Memorial Pedro Lezcano Montalvo 2013"]
[Site "Gran Canaria ESP"]
[Date "2013.03.31"]
[Round "9.35"]
[White "Aleman Alamo, Nicolas"]
[Black "Garcia Cruz, Jose Manuel"]
[Result "0-1"]
[WhiteElo "1558"]
[BlackElo "1368"]
[PlyCount "84"]
[EventDate "2013.03.25"]
[EventType "swiss"]
[EventRounds "9"]
[EventCountry "ESP"]
[Source "lmi"]
[SourceDate "2013.03.25"]

1. d4 Nf6 2. c4 e6 3. Nc3 d5 4. Nf3 b6 5. Bg5 Bb7 6. e3 Be7 7. Qb3 O-O 8. Bxf6
Bxf6 9. cxd5 exd5 10. Rc1 c6 11. Be2 Re8 12. O-O Qd6 13. Na4 Nd7 14. Rc2 Rab8
15. Rfc1 Rec8 16. Nc3 Ba8 17. a3 b5 18. Nxd5 Bd8 19. Nb4 c5 20. dxc5 Nxc5 21.
Qa2 a5 22. Rd1 Qg6 23. Rcd2 axb4 24. axb4 Ne4 25. Bd3 Qf6 26. Bxe4 Bxe4 27. Rd6
Qf5 28. Rd7 Qxd7 29. Qb3 Bxf3 30. gxf3 Qe6 31. Qd3 Qg6+ 32. Kf1 Qxd3+ 33. Rxd3
Be7 34. Rd4 Rd8 35. Re4 Rd7 36. Re5 Bxb4 37. Kg2 Kf8 38. Re4 Bd2 39. b3 Rd3 40.
b4 Rb3 41. Rd4 Bxb4 42. Rd5 Be7 0-1

[Event "Memorial Pedro Lezcano Montalvo 2013"]
[Site "Gran Canaria ESP"]
[Date "2013.03.31"]
[Round "9.36"]
[White "Gonzalez Ortega, Pino"]
[Black "Roque Hernandez, Francisco"]
[Result "0-1"]
[WhiteElo "1344"]
[BlackElo "1531"]
[PlyCount "86"]
[EventDate "2013.03.25"]
[EventType "swiss"]
[EventRounds "9"]
[EventCountry "ESP"]
[Source "lmi"]
[SourceDate "2013.03.25"]

1. d4 Nf6 2. c4 e6 3. Nc3 Bb4 4. Bg5 d5 5. e3 c6 6. Qc2 Nbd7 7. Nf3 h6 8. Bh4
Qa5 9. Bd3 dxc4 10. Bxc4 Nd5 11. Bxd5 cxd5 12. O-O Bd6 13. a3 b5 14. b4 Qb6 15.
Ne2 Bb7 16. Rac1 Qa6 17. Qb2 Nb6 18. Nd2 Nc4 19. Nxc4 dxc4 20. Bg3 Qc6 21. f3
h5 22. Bxd6 Qxd6 23. Nc3 a6 24. Qf2 h4 25. Rfe1 Rd8 26. Ne4 Bxe4 27. fxe4 Rh6
28. e5 Qd5 29. Rf1 Rd7 30. Qf4 g5 31. Qg4 Rc7 32. Rc3 Ra7 33. Qf3 Qxf3 34. gxf3
h3 35. Kf2 a5 36. bxa5 Rxa5 37. Kg3 Ke7 38. Ra1 f5 39. exf6+ Kxf6 40. a4 Rh8
41. Rb1 Rxa4 42. Rxb5 Ra2 43. Rc5 Rg2# 0-1

[Event "Memorial Pedro Lezcano Montalvo 2013"]
[Site "Gran Canaria ESP"]
[Date "2013.03.31"]
[Round "9.39"]
[White "Sanabria Taskila, Jenny Maria"]
[Black "Fernandez Arce, Aketza"]
[Result "1/2-1/2"]
[WhiteElo "1270"]
[BlackElo "1437"]
[PlyCount "84"]
[EventDate "2013.03.25"]
[EventType "swiss"]
[EventRounds "9"]
[EventCountry "ESP"]
[Source "lmi"]
[SourceDate "2013.03.25"]

1. e4 e6 2. d4 d5 3. Nc3 Bb4 4. Bd3 Nf6 5. e5 Nfd7 6. a3 Ba5 7. b4 Bb6 8. Be3
a5 9. Na4 Ba7 10. bxa5 Nc6 11. Nf3 Nxa5 12. Qd2 Nc6 13. Nc5 Nxc5 14. dxc5 Qe7
15. Qc3 Bd7 16. Rb1 Rb8 17. O-O h6 18. Nd4 Nxe5 19. Nb5 Bxb5 20. Bxb5+ Nc6 21.
Qxg7 Qf8 22. Bxc6+ bxc6 23. Rxb8+ Bxb8 24. Qxf8+ Kxf8 25. Rb1 Kg7 26. Bd4+ f6
27. a4 Ba7 28. Rb7 Rb8 29. Rxc7+ Kg6 30. g3 e5 31. Bxe5 Bxc5 32. Rxc6 Ra8 33.
Rxc5 fxe5 34. Rxd5 Rxa4 35. Rxe5 Rc4 36. Re6+ Kg5 37. h4+ Kh5 38. f3 Rxc2 39.
g4+ Kxh4 40. Rxh6+ Kg3 41. Kf1 Kxf3 42. Rf6+ Kxg4 1/2-1/2